[Event "Int SVK-ch GM 2020"]
[Site "Drienica"]
[Date "2020.08.15"]
[Round "9.4"]
[White "Kostolansky, Sebastian Lukas"]
[Black "Nayhebaver, Martin"]
[Result "1/2-1/2"]
[WhiteElo "2402"]
[BlackElo "2482"]
[Annotator "TA"]
[PlyCount "60"]
[EventDate "2020.08.07"]
[EventType "tourn"]
[EventCountry "SVK"]
[SourceTitle "playchess.com"]
[Source "ChessBase"]
[SourceQuality "1"]

{[%evp 9,60,15,10,16,16,16,16,16,16,14,16,16,19,17,0,0,0,5,36,59,77,76,58,64,72,66,90,65,124,44,47,50,52,44,50,56,45,52,43,58,41,0,0,-45,-24,-31,68,64,73,75,83,-8,-12]} 1. e4 c5 2. Nf3 d6 3. Bb5+ Nd7 4. Ba4 Ngf6 5. O-O e6 6. Re1 {B51: Sicilian: Moscow Variation (3 Bb5+) without 3...Bd7.} Be7 7. c3 a6 8. d4 b5 9. Bc2 Bb7 10. Nbd2 {[%cal Bb1d2,Bd2e4,Be4g5][%mdl 32]} Qc7 11. e5 dxe5 12. dxe5 Nd5 $1 13. Ne4 {[#]} O-O-O $146 ({Predecessor:} 13... h6 14. a4 Rd8 15. axb5 axb5 16. Qe2 c4 17. Ng3 Nc5 18. Nd4 Qb6 19. Ne4 g6 {0-1 (47) Rzayev,B (2392)-Baklan,V (2604) Cesme 2017}) 14. Neg5 Rhf8 15. Nxh7 Rh8 16. Qe2 Rxh7 $1 17. Bxh7 {Black must now prevent Be4.} g6 $1 18. a4 bxa4 (18... Qc6 $14) 19. Bg5 (19. Rxa4 $16 Rh8 20. Bxg6 (20. c4 N5b6 $15) 20... fxg6 21. Rg4) 19... Bxg5 $14 20. Nxg5 Nf4 21. Qg4 Nxe5 22. Qxf4 Nf3+ $1 23. Qxf3 $1 Bxf3 24. Nxf3 ({Not} 24. gxf3 $2 Qf4 $19) 24... Qf4 25. Re5 Rd5 26. Rxd5 exd5 27. Bg8 a3 ({Better is} 27... d4 $15 28. cxd4 cxd4) 28. bxa3 d4 $1 {[%cal Rd4c3]} 29. cxd4 c4 30. Bxf7 (30. Re1 $16 {Re3 is the strong threat.} c3 31. Re2) 30... Qxf7 {Accuracy: White = 66%, Black = 82%.} 1/2-1/2

[Event "Int SVK-ch GM 2020"]
[Site "Drienica"]
[Date "2020.08.15"]
[Round "9.5"]
[White "Druska, Juraj"]
[Black "Mazur, Stefan"]
[Result "1-0"]
[WhiteElo "2515"]
[BlackElo "2449"]
[Annotator "ChessBase"]
[PlyCount "29"]
[EventDate "2020.08.07"]
[EventType "tourn"]
[EventCountry "SVK"]
[SourceTitle "playchess.com"]
[Source "ChessBase"]
[SourceQuality "1"]
[TimeControl "40/5400+30:1800+30"]

1. c4 {[%emt 0:00:15]} Nf6 {[%emt 0:00:04]} 2. d4 {[%emt 0:00:14]} g6 {[%emt 0:00:41]} 3. Nc3 {[%emt 0:00:11]} Bg7 {[%emt 0:00:05]} 4. e4 {[%emt 0:00:05]} O-O {[%emt 0:00:07]} 5. h3 {[%emt 0:00:43]} c6 {[%emt 0:02:32]} 6. Bd3 {[%emt 0:30:22]} d6 {[%emt 0:02:18]} 7. Nf3 {[%emt 0:00:31]} e5 {[%emt 0:00:30]} 8. O-O {[%emt 0:02:45]} Na6 {[%emt 0:01:42]} 9. Be3 {[%emt 0:00:59]} exd4 {[%emt 0:02:15]} 10. Bxd4 {[%emt 0:00:48]} Re8 {[%emt 0:02:50]} 11. Re1 {[%emt 0:00:11]} Nc5 {[%emt 0:03:41]} 12. Bc2 {[%emt 0:06:17]} Be6 {[%emt 0:04:33]} 13. b3 {[%emt 0:00:35]} Qa5 {[%emt 0:01:13]} 14. Qd2 {[%emt 0:03:36]} Rad8 {[%emt 0:01:22]} 15. Bxf6 {[%emt 0:01:23]} 1-0